この船排水量4万トン以上?? - Statistics

General Stats
  • This quiz has been taken 11 times
  • The average score is 24 of 30
Answer Stats
Hint Explanation Answer % Correct
大日本帝国海軍
大和型戦艦 1番艦「大和」
基準排水量:64,000t
満載排水量:72809t
4万トン以上
100%
アメリカ海軍
アイオワ級戦艦 1番艦「アイオワ」
基準排水量:48,500t
満載排水量:57,450t
4万トン以上
100%
イギリス海軍
レナウン級巡洋戦艦 1番艦「レナウン」
基準排水量:31,988t
満載排水量:32,000t
(改装後は37,410t)
4万トン未満
100%
ドイツ海軍
ビスマルク級戦艦 1番艦「ビスマルク」
基準排水量:41,700t
満載排水量:50,405t
4万トン以上
100%
アメリカ海軍
ノースカロライナ級戦艦 1番艦「ノースカロライナ」
基準排水量:33,600t
満載排水量:44,800t
4万トン未満
100%
アメリカ海軍
ミッドウェイ級航空母艦 1番艦「ミッドウェイ」
基準排水量:45,000t
満載排水量:60,100t
(改装後は70,000t)
4万トン以上
100%
大日本帝国海軍
金剛型戦艦 1番艦「金剛」
基準排水量:27,500t
(第一次改装後:29,330t)
(第二次改装後:31,720t)
4万トン未満
100%
大日本帝国海軍
大和型戦艦→改装空母 3番艦「信濃」
基準排水量:62,000t
満載排水量:71,890t
4万トン以上
100%
フランス海軍
リシュリュー級戦艦 2番艦「ジャン・バール」
基準排水量:42,130t
満載排水量:48,950t
4万トン以上
100%
ドイツ海軍
シャルンホルスト級戦艦 1番艦「シャルンホルスト」
基準排水量:31,850t
満載排水量:38,100t
4万トン未満
100%
ドイツ連邦海軍
ベルリン級補給艦 1番艦「ベルリン」
基準排水量:10,115t
満載排水量:20,240t
4万トン未満
100%
アメリカ海軍
ニミッツ級航空母艦 1番艦「ニミッツ」
基準排水量:72,916t
満載排水量:91,487t
4万トン以上
100%
フランス海軍
シャルル・ド・ゴール級航空母艦 1番艦「シャルル・ド・ゴール」
基準排水量:37,680t
満載排水量:43,182t
4万トン未満
100%
フランス海軍
クレマンソー級航空母艦 1番艦「クレマンソー」
基準排水量:24,200t
満載排水量:32,800t
4万トン未満
100%
中国人民解放軍海軍
002型航空母艦 「山東」
基準排水量:56,000t
満載排水量:67,000t
4万トン以上
100%
ロシア海軍
11435型航空母艦 1番艦「アドミラル・クズネツォフ」
基準排水量:53,000t
満載排水量:59,100t
4万トン以上
100%
イタリア海軍
カヴール級航空母艦 1番艦「カヴール」
基準排水量:22,130t
満載排水量:27,100t
4万トン未満
100%
イタリア海軍
トリエステ級強襲揚陸艦 1番艦「トリエステ」
基準排水量:25,816t
満載排水量:38,000t
4万トン未満
100%
イギリス海軍
フッド級巡洋戦艦 1番艦「フッド」
基準排水量:41,125t
満載排水量:46,680t
4万トン以上
100%
大日本帝国海軍
長門型戦艦 1番艦「長門」
基準排水量:39,130t
満載排水量:45,816t
4万トン未満
50%
イギリス海軍
ネルソン級戦艦 1番艦「ネルソン」
基準排水量:33,950t(1945年は37,000t)
満載排水量:38,000t(1945年は44,054t)
4万トン未満
50%
イギリス海軍
キングジョージ5世級戦艦 1番艦「キングジョージ5世」
基準排水量:38,030t
満載排水量:42,237t
4万トン未満
50%
アメリカ海軍
コロラド級戦艦 1番艦「コロラド」
基準排水量:32,500t
満載排水量:33,590t
4万トン未満
50%
アメリカ海軍
フォレスタル級航空母艦 1番艦「フォレスタル」
基準排水量:59,060t
満載排水量:79,250t
4万トン以上
50%
イタリア海軍
ヴィットリオ・ヴェネト級戦艦 1番艦「ヴィットリオ・ヴェネト」
基準排水量:43,624t
満載排水量:45,752t
4万トン以上
50%
フランス海軍
リシュリュー級戦艦 1番艦「リシュリュー」
基準排水量:35,000t
満載排水量:47,548t
4万トン未満
50%
海上自衛隊
いずも型護衛艦 1番艦「いずも」
基準排水量:19,500t
満載排水量:26,000t
4万トン未満
50%
イギリス海軍
ヴァンガード級戦艦 1番艦「ヴァンガード」
基準排水量:44,500t
満載排水量:51,240t
4万トン以上
50%
アメリカ海軍
サウスダコタ級戦艦 1番艦「サウスダコタ」
基準排水量:37,970t
満載排水量:44,519t
4万トン未満
50%
アメリカ海軍
エセックス級航空母艦 1番艦「エセックス」
基準排水量:27,100t
(改装後は30,800t)
満載排水量:36,380t
(改装後は41,200t)
4万トン未満
0%
No matching quizzes found
Score Distribution
Percent of People with Each Score
Percentile by Number Answered
Your Score History
You have not taken this quiz